Matang mangroves : A century of sustainable management

Bibliographic Details
Corporate Author: Forestry Department Peninsular Malaysia
Format: Book
Published: Kuala Lumpur : Forestry Department Peninsular Malaysia , 2004
Subjects:

MARC

LEADER 00000cam a2200000 7i4500
001 0000003221
005 20050317.0
020 0 0 |a 9839269283 
090 0 0 |a 634.972   |b MAT 
110 1 0 |a Forestry Department Peninsular Malaysia 
245 0 0 |a Matang mangroves :   |b A century of sustainable management   |c Editors Dato' Shaharuddin Mohamad Ismail,...[etc) 
260 0 0 |a Kuala Lumpur :   |b Forestry Department Peninsular Malaysia ,   |c 2004 
300 |a 112 p. :   |b col., ill. ;   |c 30 cm. 
500 0 0 |a 100 years Matang Mangroves Perak (1904-2004) 
650 0 0 |a Mangrove conservation 
650 0 0 |a Mangrove forests   |x management   |z Malaysia 
650 0 0 |a Shaharuddin Mohamad Ismail, Dato' ,...[etc) 
999 |a 0000005918   |b Monograph   |c Open Shelf   |e Default branch 
999 |a 0000005919   |b Monograph   |c Open Shelf   |e Default branch 
999 |a 0000005920   |b Monograph   |c Open Shelf   |e Default branch 
999 |a 0000005921   |b Monograph   |c Open Shelf   |e Default branch 
999 |a 0000005922   |b Monograph   |c Open Shelf   |e Default branch